WESTERN CIVILIZATION: IDEAS, POLITICS, AND SOCIETY FROM THE 1600s (Record no. 215922)
[ view plain ]
| 000 -LEADER | |
|---|---|
| fixed length control field | 00674nam a22001937a 4500 |
| 008 - FIXED-LENGTH DATA ELEMENTS--GENERAL INFORMATION | |
| fixed length control field | 250717b |||||||| |||| 00| 0 eng d |
| 020 ## - INTERNATIONAL STANDARD BOOK NUMBER | |
| International Standard Book Number | 978-1-111-83171-4 |
| 050 ## - LIBRARY OF CONGRESS CALL NUMBER | |
| Classification number | CB245 .W483 2013 |
| 100 ## - MAIN ENTRY--PERSONAL NAME | |
| Personal name | PERRY, MARVIN |
| 245 ## - TITLE STATEMENT | |
| Title | WESTERN CIVILIZATION: IDEAS, POLITICS, AND SOCIETY FROM THE 1600s |
| 250 ## - EDITION STATEMENT | |
| Edition statement | 10 |
| 260 ## - PUBLICATION, DISTRIBUTION, ETC. | |
| Place of publication, distribution, etc. | BOSTON MA |
| Name of publisher, distributor, etc. | WADSWORTH CENGAGE LEARNING |
| Date of publication, distribution, etc. | 2013 |
| 300 ## - PHYSICAL DESCRIPTION | |
| Extent | XXXI, 888 P. : ILL. |
| 500 ## - GENERAL NOTE | |
| General note | INCLUDES BIBLIOGRAPHICAL REFERENCES AND INDEX |
| 650 ## - SUBJECT ADDED ENTRY | |
| Topical term or geographic name entry element | CIVILIZATION, WESTERN--HISTORY--TEXTBOOKS |
| 700 ## - ADDED ENTRY--PERSONAL NAME | |
| Personal name | CHASE, MYRNA |
| -- | JACOB, JAMES R. |
| -- | JACOB, MARGARET C. |
| -- | VON LAUE, THEODORE H. |
| 942 ## - ADDED ENTRY ELEMENTS (KOHA) | |
| Source of classification or shelving scheme | Library of Congress Classification |
| Koha item type | Long Loan Book |
| Withdrawn status | Lost status | Source of classification or shelving scheme | Damaged status | Not for loan | Collection | Home library | Current library | Shelving location | Date acquired | Inventory number | Total checkouts | Full call number | Barcode | Date last seen | Copy number | Price effective from | Koha item type |
|---|---|---|---|---|---|---|---|---|---|---|---|---|---|---|---|---|---|
| Library of Congress Classification | Arts & Social Sciences | Kisii University Library | Kisii University Library | On Display | 07/17/2025 | 109179 | CB245 .W48 2013 V.2 | 000000018546 | 07/17/2025 | 1 | 07/17/2025 | Long Loan Book | |||||
| Library of Congress Classification | Arts & Social Sciences | Kisii University Library | Kisii University Library | On Display | 07/17/2025 | 109180 | CB245 .W48 2013 V.2 | 000000018545 | 07/17/2025 | 2 | 07/17/2025 | Long Loan Book | |||||
| Library of Congress Classification | Arts & Social Sciences | Kisii University Library | Kisii University Library | On Display | 07/17/2025 | 109181 | CB245 .W48 2013 V.2 | 000000018544 | 07/17/2025 | 3 | 07/17/2025 | Long Loan Book | |||||
| Library of Congress Classification | Arts & Social Sciences | Kisii University Library | Kisii University Library | On Display | 07/17/2025 | 109182 | CB245 .W48 2013 V.2 | 000000018543 | 07/17/2025 | 4 | 07/17/2025 | Long Loan Book | |||||
| Library of Congress Classification | Arts & Social Sciences | Kisii University Library | Kisii University Library | On Display | 07/17/2025 | 109183 | CB245 .W48 2013 V.2 | 000000023909 | 07/17/2025 | 5 | 07/17/2025 | Long Loan Book |